President's Cabinet - Statistics

General Stats
  • This quiz has been taken 28 times
  • The average score is 10 of 26
Answer Stats
Hint Answer % Correct
First Lady Melania Trump
100%
Vice President JD Vance
94%
Secretary of Health and Human Services Robert F. Kennedy Jr.
83%
Second Lady Usha Vance
83%
Secretary of State Marco Rubio
72%
Secretary of Defense Pete Hegseth
72%
Secretary of Homeland Security Kristi Noem
67%
Attorney General Pam Bondi
67%
Secretary of the Treasury Scott Bessent
50%
Secretary of Transportation Sean Duffy
44%
Secretary of Education Linda McMahon
39%
Director of National Intelligence Tulsi Gabbard
39%
Secretary of the Interior Doug Burgum
33%
Chief of Staff Susie Wiles
33%
Secretary of Commerce Howard Lutnick
28%
Trade Representative Jamieson Greer
17%
Secretary of Veterans Affairs Doug Collins
11%
Administrator of the Environmental Protection Agency Lee Zeldin
11%
Secretary of Labor Lori Chavez-DeRemer
11%
Secretary of Housing and Urban Development Scott Turner
11%
Secretary of Agriculture Brooke Rollins
6%
Ambassador to United Nations (currently acting) Dorothea Shea
6%
Administrator of the Small Business Administration Kelly Loeffler
6%
Director of the Office of Management and Budget Russel Vought
6%
Secretary of Energy Chris Wright
0%
Director of the Central Intelligence Agency John Radcliffe
0%
No matching quizzes found
Score Distribution
Percent of People with Each Score
Percentile by Number Answered
Your Score History
You have not taken this quiz